000 00266nam a2200097Ia 4500
001 1251695
005 20251031150920.0
008 251031s9999 xx 000 0 und d
245 0 _cDİPPER PİNES
_aŞ-1 DIPPERİN VE MALEİN GİZEM REHBERİ
260 _bBETA YAYINLARI
999 _c1251695
_d1251695